02014cam a22002292 45000010005000000030008000050050017000130080039000300200015000690350018000840400037001020410008001390820025001472450126001722600051002983000027003495051318003766500014016947000035017087000020017437000021017634545BD-RjUL20211208233918.0131223s1970 ncu b 010 0 eng z0822312268 a(BD-RjUL)4580 aDLCcDLCdOCLdEQOdBD-RjULbeng aeng 223a341.37bDEL 197003aDe lege pactorum :bessays in honor of Robert Renbert Wilson /cby Alona E. Evans [et al...] ; Edited by David R. Deener. aDurham, N.C. :bDuke University Press,cc1970. axiii, 274 p. ;c25 cm.0 aPro meritis, by D. R. D.--The self-executing treaty in contemporary American practice, by A. E. Evans.--"Constitution-making" treaties and international courts: judicial review within the European communities, by H. W. Baade.--Reservations to multilateral treaties, by M. A. Chaudhri.--United States treaty commitments and outer space, by R. E. Clute.--Treaty norms and statutory norms: patterns of priority and choice, by D. R. Deener.--The role of international labor conventions in economic development in emerging nations, by C. H. Dillon.--Weighted voting in international commodity agreements, by C. B. Hagan.--Reservations in agreements for pacific settlement of disputes, by J. M. Howell.--Damnosa hereditas? The consensual basis of international law, by R. G. Jones.--The teleological approach to treaty interpretation, by A. T. Leonhard.--International leasehold arrangements, by G. L. Maris.--Succession to treaty responsibilities in civil wars, by R. R. Oglesby.--The bilateral treaty network of non-Western states, by C. S. Phillips, Jr.--Special agreements relating to the entry of the N.S. Savannah into foreign ports, by D. C. Piper.--Treaties, tariffs, and cotton, by W. H. Simpson.--United States commercial treaties today, by H. Walker.--The publications of Robert Renbert Wilson (p. [271]-274) 0aTreaties.1 aWilson, Robert Renbert,d1898-1 aEvans, Alona E.1 aDeener, David R.